[Event "Guillermo Garcia Memorial U16 op 29th"]
[Site "Santa Clara"]
[Date "2022.05.06"]
[Round "5"]
[White "Neira Garcia, Llirbel Anei"]
[Black "Tapanes Barroso, Brayan"]
[Result "1-0"]
[WhiteElo "1803"]
[BlackElo "1567"]
[PlyCount "91"]
[EventDate "2022.05.02"]
[EventType "swiss"]
[EventRounds "7"]
[EventCountry "CUB"]
[SourceTitle "EXT 2023"]
[Source "ChessBase"]
[SourceDate "2022.10.05"]
[SourceVersion "1"]
[SourceVersionDate "2022.10.05"]
[SourceQuality "1"]

1. d4 Nf6 2. Nc3 d5 3. Bf4 e6 4. e3 Bd6 5. Bxd6 cxd6 6. Nf3 Nbd7 7. Bd3 b6 8. Nb5 Nf8 9. c4 dxc4 10. Bxc4 Bb7 11. Rc1 Bc6 12. Qb3 a6 13. Nc3 b5 14. Be2 Rc8 15. 0-0 Ng6 16. a4 bxa4 17. Nxa4 0-0 18. Nb6 Rc7 19. Nc4 Bb5 20. Bd3 Qe7 21. Ncd2 Rb7 22. Bxb5 axb5 23. Rc6 d5 24. Rfc1 h6 25. h3 Ra8 26. R6c5 Qd7 27. Qc2 Ne8 28. Ne5 Nxe5 29. dxe5 f6 30. Nf3 Ra4 31. b3 Ra8 32. Qd3 f5 33. Qc2 Raa7 34. Nd4 Rb6 35. Rc8 Kh7 36. Qc5 Raa6 37. Qf8 Ra1 38. Qc5 Rxc1+ 39. Qxc1 Ra6 40. Qc5 Ra1+ 41. Kh2 Ra2 42. Qc6 Qxc6 43. Rxc6 Rxf2 44. Kg3 Rd2 45. Rc8 Rd3 46. Kf3 1-0